Statistics for Top 25 Business Schools in Europe

Click here to take the quiz!

General Stats

  • This quiz has been taken 31 times
  • The average score is 9 of 25

Answer Stats

RankBusiness SchoolCountry% Correct
10University of Oxford: SaïdUK
77%
13University of Cambridge: JudgeUK
63%
3InseadFR / SG / UAE
60%
1London Business SchoolUK
60%
20IE Business SchoolSpain
57%
8ESSEC Business SchoolFrance
53%
2HEC ParisFrance
47%
6Università Bocconi, SDA BocconiItaly
47%
4University of St GallenSwitzerland
47%
14EDHEC Business SchoolFrance
43%
11ESCP EuropeFR / UK / DE / ES / IT / PL
40%
19Imperial College Business SchoolUK
40%
21EMLyon Business SchoolFrance / Morocco / China
37%
15ESADE Business SchoolSpain
37%
5IESE Business SchoolSpain / US
30%
12Warwick Business SchoolUK
30%
18Mannheim Business SchoolGermany
23%
7IMD Business SchoolSwitzerland
20%
9Rotterdam School of Management, Erasmus UniversityNetherlands
17%
23University College Dublin: SmurfitIreland
17%
16City, University of London: CassUK
13%
25Stockholm School of ManagementSweden / Russia / Latvia
13%
22Vlerick Business SchoolBelgium
13%
24ESMT BerlinGermany
10%
17Cranfield School of ManagementUK
7%

Score Distribution

Percentile by Number Answered

Percent of People with Each Score

Your Score History

You have not taken this quiz